<?xml version="1.0" encoding="utf-8"?>
<?xml-stylesheet type='text/xsl' href='./oai2.xsl'?>
<OAI-PMH xmlns="http://www.openarchives.org/OAI/2.0/" xmlns:xsi="http://www.w3.org/2001/XMLSchema-instance" xsi:schemaLocation="http://www.openarchives.org/OAI/2.0/ http://www.openarchives.org/OAI/2.0/OAI-PMH.xsd">
  <responseDate>2026-06-06T09:17:07Z</responseDate>
  <request verb="GetRecord" metadataPrefix="marcxml" identifier="record_kuniweb_948227">https://kulturerbe.niedersachsen.de/oai</request>
  <GetRecord>
    <record>
      <header>
        <identifier>record_kuniweb_948227</identifier>
        <datestamp>2018-03-26T07:18:59Z</datestamp>
        <setSpec>slg0198</setSpec>
      </header>
      <metadata>
        <marc:record xmlns:marc="http://www.loc.gov/MARC21/slim" xsi:schemaLocation="http://www.loc.gov/MARC21/slim http://www.loc.gov/standards/marcxml/schema/MARC21slim.xsd">
          <marc:leader>12345nkm  22     uu 4500</marc:leader>
          <marc:controlfield tag="001">948227</marc:controlfield>
          <marc:controlfield tag="003">http://kuniweb.gbv.de</marc:controlfield>
          <marc:controlfield tag="005">2018-03-20T09:39:15</marc:controlfield>
          <marc:controlfield tag="008">|           ||||||||||||||||||||||</marc:controlfield>
          <marc:datafield tag="245" ind1="1" ind2="0">
            <marc:subfield code="a">Aktionstag</marc:subfield>
          </marc:datafield>
          <marc:datafield tag="655" ind1=" " ind2="7">
            <marc:subfield code="a">Plakate</marc:subfield>
          </marc:datafield>
          <marc:datafield tag="046" ind1=" " ind2=" ">
            <marc:subfield code="k">2010</marc:subfield>
            <marc:subfield code="k">2010</marc:subfield>
          </marc:datafield>
          <marc:datafield tag="260" ind1=" " ind2=" ">
            <marc:subfield code="g">2010</marc:subfield>
            <marc:subfield code="g">2010</marc:subfield>
          </marc:datafield>
          <marc:datafield tag="300" ind1=" " ind2=" ">
            <marc:subfield code="a">Höhe: 41,92 cm
Breite: 29,63 cm</marc:subfield>
          </marc:datafield>
          <marc:datafield tag="520" ind1=" " ind2=" ">
            <marc:subfield code="a">Die Idee: Überall im Land ist Castor-Aktionstag. Denn Gorleben ist überall! Kleine und große Aktionen in vielen verschiedenen Städten. Viele Städte muss der Castor-Zug auf seiner Fahrt nach Gorleben passieren, dort  wurde direkt am Bahnhof protestiert. Aber auch in anderen Orten im Bundesgebiet fanden
Aktionen auf Marktplätzen oder Fußgängerzonen statt. 

„Es ist sinnlos und gefährlich, Atommüll quer durch Europa zu karren. Damit soll nur vertuscht werden, dass es kein sicheres Endlager gibt. Wir wollen mit unseren Aktionen Menschen Mut machen, sich gegen diesen atomaren Wahnsinn zu wehren“, sagte ROBIN WOOD-Aktivistin Cécile Lecomte.

Der letzte “Castorstrecken-Aktionstag” wurde 2011 ausgerufen. 

Schlagworte: 
Gorleben, Atomkraft, Atommüll, Atomtransport, Castor, Castortransport, Demonstration, Aktion, Streckentag.
 (Gorleben Archiv / Birgit Huneke)

Hände mit kerze und Pinsel an einer Schiene. Im Hintergrund eine Streckenkarte. 

Text:
Castorstrecken-Aktionstag
23.Okt.2010
Der Castor kommt zu dir
Komm ihm zuvor!
Wir rufen auf überall entlang der Strecke nach eigenen Vorstellungen Betroffenheit, Ablehnung und Protest gegen Castortransporte Ausdruck zu verleihen! 
www.castor-strecken-aktionstag.de
ViSdP:Peter Dickel c/o AG Schacht Konrad e.V., Bleckenstedter Str. 14a, 38239 Salzgitter  (AG Schacht Konrad e.V.)

Verwendungszweck:
Protest gegen die Atomanlagen in Gorleben</marc:subfield>
          </marc:datafield>
          <marc:datafield tag="650" ind1="1" ind2=" ">
            <marc:subfield code="a">Widerstand</marc:subfield>
          </marc:datafield>
          <marc:datafield tag="650" ind1="1" ind2=" ">
            <marc:subfield code="a">Protest</marc:subfield>
          </marc:datafield>
          <marc:datafield tag="650" ind1="1" ind2=" ">
            <marc:subfield code="a">Kernenergie</marc:subfield>
          </marc:datafield>
          <marc:datafield tag="650" ind1="1" ind2=" ">
            <marc:subfield code="a">Plakate</marc:subfield>
          </marc:datafield>
          <marc:datafield tag="773" ind1="0" ind2=" ">
            <marc:subfield code="t">Plakate - Sammlung. Protestkultur gegen die Atomanlagen in Gorleben</marc:subfield>
          </marc:datafield>
          <marc:datafield tag="852" ind1=" " ind2=" ">
            <marc:subfield code="a">Gorleben Archiv e.V.</marc:subfield>
          </marc:datafield>
          <marc:datafield tag="" ind1=" " ind2=" ">
            <marc:subfield code="a">Rechte vorbehalten – Freier Zugang</marc:subfield>
          </marc:datafield>
        </marc:record>
      </metadata>
    </record>
  </GetRecord>
</OAI-PMH>
